Radical Religious Communities : Internal Dynamism and Social Significance (14th-16th centuries) /

The twenty-first century has demonstrated that radicalism remains a vital analytical concept in the study of modern religion and politics. However, its application to earlier periods has been met with more ambivalence. This volume challenges that trend by examining religio-political subversives near...

Full description

Saved in:

Other Authors: Cermanová, Pavlín (Editor), Pjecha, Martin (Editor), Soukup,Pavel (Editor)

Format: eBook

Language: English

Published: Leiden ; Boston : Brill, 2025.

Series: Early Modern History and Modern History E-Books Online, Collection 2025.
Studies in Medieval and Reformation Traditions ; 249.

Subjects:

Online Access: Login to view Source

Tags: Add Tag

No Tags, Be the first to tag this record!

Call Number: D410

LEADER 02701nam a22005178i 4500
001 BRILL9789004734890
003 nllekb
005 20250818030517.0
006 m d
007 cr un uuuua
008 250606s2025 gw sb 001 0 eng d
020 |a 9789004734890  |q (electronic book) 
020 |z 9789004734883  |q (print) 
024 7 |a 10.1163/9789004734890  |2 DOI 
035 |z (OCoLC)1504259427 
040 |a NL-LeKB  |c NL-LeKB  |e rda 
041 |a eng 
050 4 |a D410 
072 7 |a HB  |2 bicssc 
072 7 |a HIS  |x 000000  |2 bisacsh 
082 0 4 |a 910.82  |2 23 
245 0 0 |a Radical Religious Communities :  |b Internal Dynamism and Social Significance (14th-16th centuries) /  |c edited by Pavlína Cermanová, Martin Pjecha, and Pavel Soukup. 
246 3 |a Internal Dynamism and Social Significance (14th-16th centuries) 
264 1 |a Leiden ;  |a Boston :  |b Brill,  |c 2025. 
264 4 |c ©2025 
300 |a 1 online resource (248 pages) :  |b illustrations. 
336 |a text  |b txt  |2 rdacontent 
337 |a computer  |b c  |2 rdamedia 
338 |a online resource  |2 rdacarrier 
490 1 |a Early Modern History and Modern History E-Books Online, Collection 2025 
490 1 |a Studies in Medieval and Reformation Traditions ;  |v 249 
504 |a Includes bibliographical references and index. 
520 |a The twenty-first century has demonstrated that radicalism remains a vital analytical concept in the study of modern religion and politics. However, its application to earlier periods has been met with more ambivalence. This volume challenges that trend by examining religio-political subversives near the close of the Middle Ages as radical within their historical and intellectual contexts, spanning several centuries and cultures, with a focus on Central Europe. In doing so, it seeks to bridge entrenched geographical, chronological, and methodological divides, fostering broader discussions on the comparative relevance of radicalism in pre-modernity. 
546 |a English 
588 |a Description based on print version record. 
650 0 |a Church History. 
650 0 |a History. 
700 1 |a Cermanová, Pavlín,  |e editor. 
700 1 |a Pjecha, Martin,  |e editor. 
700 1 |a Soukup,Pavel,  |e editor. 
776 0 8 |i Print version:  |t Radical Religious Communities : Internal Dynamism and Social Significance (14th-16th centuries).  |d Leiden ; Boston : Brill, 2025.  |z 9789004734883  |w (DLC) 2025013571 
830 0 |a Early Modern History and Modern History E-Books Online, Collection 2025. 
830 0 |a Studies in Medieval and Reformation Traditions ;  |v 249. 
856 4 |z DOI:   |u http://dx.doi.org/10.1163/9789004734890 
942 |2 lcc  |c EBOOK 
999 |c 61128  |d 61128